Rituum, Qui Olim Apud Romanos Obtinuerunt, Succincta Explicatio Ad Intelligentiam Veterum Authorum Facili Methodo

Poznámkový register. Vecný register.

Bibliographic Details
Main Author: Nieupoort, G. H. (Author)
Corporate Author: Typographia regia Universitatis Pestiensis (Printer)
Format: Book
Language:Latin
PhysicalDescription:[2], 384, [37] s. tb. 19 cm
Published: Budae Sumptibus, Et Typis Typographiae Regiae Universitatis Pestiensis Anno 1799
Subjects:

MARC

LEADER 00000nam a2200000 a 4500
001 vtls010641953
003 SK-MaSNL
005 20260301035137.0
008 251104s1799 000 0 lat
015 |a SDKKKez-00100 
035 |a 23C2D929-7FC7-4945-8CCC-DFDCBF7D789E 
035 |a urn:nbn:sk:snk-amloj4 
035 |a urn:nbn:sk:snk-am00bxoq 
040 |a SNK  |b slo  |c SNK  |e AACR2 
041 0 |a lat 
044 |a hu  |c HU 
072 7 |a 392  |x Zvyky, mravy, obyčaje v súkromnom živote  |2 konspekt 
072 7 |a 394  |x Verejný a spoločenský život. Každodenný život  |2 konspekt 
080 |a 392/394  |2 2001 
100 1 |a Nieupoort, G. H.  |4 aut  |9 337221 
245 1 0 |a Rituum, Qui Olim Apud Romanos Obtinuerunt, Succincta Explicatio Ad Intelligentiam Veterum Authorum Facili Methodo  |c A G. H. Nieupoort conscripta 
260 |a Budae  |b Sumptibus, Et Typis Typographiae Regiae Universitatis Pestiensis  |c Anno 1799 
300 |a [2], 384, [37] s.  |b tb.  |c 19 cm 
500 |a Poznámky pod čiarou, kustody 
520 |a Poznámkový register. Vecný register. 
546 |a Latinčina  |b Antikva  |b Kurzíva 
561 |a Okrúhla pečiatka: Dar Martina Hamuljaka Matici slovenskej  |5 SNK 
650 0 7 |a každodenný život  |2 SNKPH  |9 4946 
650 0 7 |a rituály a obrady  |2 SNKPH  |9 69610 
651 7 |a Rímska ríša  |2 SNKPH  |9 212347 
710 2 |a Typographia regia Universitatis Pestiensis  |4 prt  |4 pbl  |9 337222 
752 |a Maďarsko  |d Budapest 
852 |a Lyceálna knižnica Kežmarok  |c LKež 
958 |a ONDV 
999 |c 583349  |d 585279 
952 |t Ham 289  |a SNK  |b SNK  |c SNK_HF  |y PREZ  |7 0  |p 17A1126946  |o snkID 1920/D1  |i snkF 4839/78  |8 5  |0 0  |1 0  |4 0  |d 2014-12-09  |f 1  |l 0  |r 2026-02-23 14:59:10  |w 2026-02-23